Securing our future housing needs (Record no. 103267)
[ view plain ]
| 000 -LEADER | |
|---|---|
| fixed length control field | 01006cam a2200217 4500 |
| 001 - CONTROL NUMBER | |
| control field | J124697 |
| 008 - FIXED-LENGTH DATA ELEMENTS--GENERAL INFORMATION | |
| fixed length control field | 031224n2003 000 0 eng u |
| 035 ## - SYSTEM CONTROL NUMBER | |
| System control number | (Sirsi) u124697 |
| 100 ## - MAIN ENTRY--PERSONAL NAME | |
| Personal name | Barker, Kate |
| 245 ## - TITLE STATEMENT | |
| Title | Securing our future housing needs |
| Remainder of title | the final report of the Barker review of housing supply |
| Medium | [electronic resource] |
| 260 ## - PUBLICATION, DISTRIBUTION, ETC. | |
| Place of publication, distribution, etc. | London |
| Name of publisher, distributor, etc. | HM Treasury |
| Date of publication, distribution, etc. | 2003 |
| 520 ## - SUMMARY, ETC. | |
| Summary, etc. | The review examines factors that might be limiting the supply of housing arising from industry or policy. The main constraint identified is land supply. |
| 650 ## - SUBJECT ADDED ENTRY--TOPICAL TERM | |
| Topical term or geographic name entry element | HOUSING |
| 650 ## - SUBJECT ADDED ENTRY--TOPICAL TERM | |
| Topical term or geographic name entry element | HOUSING SUPPLY |
| 650 ## - SUBJECT ADDED ENTRY--TOPICAL TERM | |
| Topical term or geographic name entry element | HOUSE CONSTRUCTION |
| 650 ## - SUBJECT ADDED ENTRY--TOPICAL TERM | |
| Topical term or geographic name entry element | BARKER REVIEW OF HOUSING SUPPLY: SECURING OUR FUTURE HOUSING NEEDS |
| 690 ## - LOCAL SUBJECT ADDED ENTRY--TOPICAL TERM (OCLC, RLIN) | |
| Topical term or geographic name as entry element | HOUSING-DEVELOPMENT |
| 710 ## - ADDED ENTRY--CORPORATE NAME | |
| Corporate name or jurisdiction name as entry element | United Kingdom |
| Subordinate unit | HM Treasury |
| 856 ## - ELECTRONIC LOCATION AND ACCESS | |
| Uniform Resource Identifier | <a href="https://webarchive.nationalarchives.gov.uk/+/http://www.hm-treasury.gov.uk/consultations_and_legislation/barker/consult_barker_index.cfm">https://webarchive.nationalarchives.gov.uk/+/http://www.hm-treasury.gov.uk/consultations_and_legislation/barker/consult_barker_index.cfm</a> |
| Public note | View the vinzl report on the HM Treasury website |
| 942 ## - ADDED ENTRY ELEMENTS (KOHA) | |
| Suppress in OPAC | 0 |
| Withdrawn status | Lost status | Source of classification or shelving scheme | Damaged status | Not for loan | Home library | Current library | Shelving location | Date acquired | Total Checkouts | Full call number | Barcode | Date last seen | Copy number | Price effective from | Koha item type |
|---|---|---|---|---|---|---|---|---|---|---|---|---|---|---|---|
| Dewey Decimal Classification | Virtual | Virtual | Online | 24/12/2003 | ONLINE PUBLICATION | 124697-2001 | 06/08/2019 | 1 | 06/08/2019 | Book |